000 00498nam a2200205Ia 4500
003 OSt
005 20230506131158.0
008 210423s2006 xx 000 0 und d
020 _a19568110
040 _cAL
041 _aeng
082 _a547.5
_223
_b GROM
100 _aGROSSEL (Martin).
_999431
245 _aAlicyclic chemistry.
260 _aNew York
_bOxford University Press
_c2006
300 _a90,2
_bPB
365 _b150
_cINR
906 _aAlicyclic ; chemistry
942 _2ddc
_cBK
999 _c163769
_d163769